00438nam a2200145 a 450000500170000000800410001702000180005805000230007610000260009924500750012526000510020030000210025152100070027265000130027920140311163031.0100223s19uu xx 00 eng d a9780521672238 aPN 2037b.B25 2008 aBalme, Christopher B. aThe cambridge introduction to theater studies /cChristopher B. Balme. aNew York :bCambridge University Press,c2008. a231 p. :c23 cm. aMC aTheater.